Clash Royale Decks - Statistics

General Stats
  • This quiz has been taken 807 times
    230 since last reset
  • The average score is 10 of 35
Answer Stats
Picture Answer % Correct
Hog Rider
99%
X-Bow
72%
Goblin Barrel
66%
Battle Ram
59%
Graveyard
41%
Elixir Golem
40%
Golem
38%
Hog Rider
38%
Royal Hogs
38%
Balloon
37%
Royal Hogs
36%
Goblin Giant
34%
Royal Giant
34%
Miner
30%
Lava Hound
29%
Graveyard
27%
X-Bow
26%
Goblin Barrel
25%
Goblin Giant
25%
Goblin Drill
23%
Skeleton Barrel
21%
Giant
20%
Miner
20%
Golem
18%
Mortar
17%
Suspicious Bush
17%
Mortar
16%
Three Musketeers
16%
Electro Giant
14%
Ram Rider
14%
Royal Giant
13%
Giant
12%
Lava Hound
12%
Skeleton Barrel
12%
Balloon
11%
No matching quizzes found
Score Distribution
Percent of People with Each Score
Percentile by Number Answered
Your Score History
You have not taken this quiz since the last reset